La danza de los cuervos: el destino final de los detenidos desaparecidos
Uloženo v:
| Hlavní autor: | |
|---|---|
| Médium: | Kniha |
| Jazyk: | španělština |
| Vydáno: |
Santiago
Ceibo Ediciones
2012
|
| Edice: | Investigación, 1
|
| Témata: | |
| Tagy: |
Přidat tag
Žádné tagy, Buďte první, kdo vytvoří štítek k tomuto záznamu!
|
MARC
| LEADER | 00000cam a2200000 a 4500 | ||
|---|---|---|---|
| 001 | UCF5791 | ||
| 003 | CL-VaPUC | ||
| 008 | 130322e20120000CL |||||||||||||||||spa|d | ||
| 020 | |a 9789569071157 | ||
| 082 | 0 | 4 | |a 923.783 |b REB |2 21 |
| 100 | 0 | |a Rebolledo, Javier |e author |9 567734 | |
| 245 | 1 | 3 | |a La danza de los cuervos: el destino final de los detenidos desaparecidos |
| 300 | |a 274 p | ||
| 942 | |c BK | ||
| 945 | |d 20130322 00:00:00 |a dcastane | ||
| 260 | |a Santiago |b Ceibo Ediciones |c 2012 | ||
| 650 | 0 | |a Detenidos desaparecidos |9 392335 | |
| 650 | 0 | |a Biografías |9 255210 | |
| 650 | 7 | |a TESTIMONIOS |2 CL-VaPUC |9 567735 | |
| 583 | |a last modification |c 20130322 12:27:00 |k Rodrigo Vera | ||
| 490 | 0 | |a Investigación, 1 | |
| 999 | |c 351196 |d 351194 | ||
| 952 | |0 0 |1 0 |4 0 |6 923_783000000000000_REB_2012 |7 0 |8 A |9 455165 |a BIBHIS |b BIBHIS |d 2019-11-22 |i 4942620 |l 1 |o 923.783 REB 2012 |p 4942620 |r 2025-01-20 |s 2024-08-19 |w 2019-11-22 |y BK |k HIS | ||